000 00279nam a2200121Ia 4500
008 190216s9999||||xx |||||||||||||| ||und||
100 _aSwami E K
245 0 _aEasy Essays On Economics And Its Role
260 _bNull
_c1967
300 _a159p
650 _aCommerce
942 _cBK
999 _c4680
_d4680